Missing Movie Word Marathon Quiz Stats

Quiz Updated Nov 17, 2012

Challenge
Share
Tweet
Embed
Score 0/230 Timer 20:00
8 Plays Today
% Correct
Oz
98.1%
Gone
97.8%
Kill
96.9%
List
96.5%
Ugly
95.2%
Ferris
94.8%
Music
94.8%
Side
94.8%
Pink
94.5%
Strikes
94.1%
Fair
93.5%
Singin'
93.1%
Mary
92.5%
Space
92%
Seattle
91.8%
Black
91.5%
Alabama
91.5%
Citizen
91.5%
Orange
91.2%
Roof
91%
Finding
90.7%
Red
90.3%
Framed
90.3%
Doodle
90.2%
Little
90%
Peter
90%
Book
89.9%
Story
89.9%
Hunchback
89.8%
Planet
89.8%
Dragon
89.4%
North
89.2%
Blue
89.1%
White
89%
Hot
88.8%
Of
88.7%
Stitch
88.7%
Elm
88.5%
Breakfast
88.4%
13th
88.2%
Giant
87.8%
Hunger
87.8%
Greek
87.6%
Chainsaw
87.6%
Harry
87.6%
Pretty
87.4%
Charlotte's
87.4%
Dalmatians
86.7%
Jump
86.6%
New York
86.2%
Cola
85.9%
Ocean's
85.9%
Total
85.5%
Die
85.3%
Endearment
84.9%
Incredible
84.9%
Dolls
84.5%
One
84.4%
Bourne
84.1%
Club
84%
Sleeping
83.9%
Bell
83.8%
30
83.7%
Blazing
83.6%
Gray
83.5%
Rebel
83.4%
12
81.7%
Metal
81.7%
Santa
81.5%
Oh
81%
Spinal
80.3%
Miracle
80%
Water
80%
Paul
79.5%
Itch
79%
Blondes
78.7%
Blew
78.6%
% Correct
Bridge
78.5%
That
78.4%
March
78.3%
20,000
78.3%
Wanda
77.9%
Venice
77.7%
Meet
77.6%
Pan's
77.5%
Falcon
77%
Something
76.7%
Days
76.4%
Bridges
76.2%
Wonderful
76.1%
Lawrence
75.8%
Raging
75.8%
Not
75.6%
Professor
75.6%
Damn
75.4%
On
75.2%
English
75%
Dirty
74.4%
Automobiles
74%
Punch
73.7%
Pig
73.7%
Eden
73.4%
451
73.4%
Paris
73.3%
Ridgemont
73.2%
Fox
72.9%
Grapes
72.8%
City
72.4%
Line
71.5%
Jason
71.4%
Scotland
70.8%
Valentine's
70.6%
Horse
70.1%
Rotten
69.6%
Picture
69.2%
Over
69.1%
Loud
68.7%
Marry
68.4%
Private
68.4%
Dallas
67.9%
About
67.9%
Earth
67.3%
Arizona
67.1%
American
66.3%
Connection
65.8%
Hitchhiker's
65%
Rambo
64.9%
Bang
64.8%
Hope
64.6%
Would
64.6%
Bull
64.4%
Pride
64.1%
Eternity
63.8%
Columbine
63.5%
Queen
62.9%
Narnia
62.8%
Ape
62.7%
Locker
62.2%
Operation
61.3%
Inferno
61.3%
Texas
61.2%
Snatchers
61.2%
Protocol
61%
Green
60.8%
India
60%
Stupid
60%
Away
59.8%
Adventure
59.8%
Fourth
58.5%
Gorillas
57.9%
Smith
57.8%
Big
57.5%
Titans
57%
Mutiny
57%
% Correct
Cabin
56.2%
Fell
56%
Week
55.1%
View
55%
Weeks
54.8%
Cat
54.5%
Sisters
54.2%
Years
54%
Final
54%
Fat
53.9%
Third
53.5%
Dolce
53.4%
Nine
51.6%
Heat
51.4%
Beer
51.1%
Purple
50.6%
Century
50.4%
50
49.5%
Fifth
49.5%
Godzilla
49.3%
Detroit
48.9%
Idaho
48.3%
Stop
47.7%
Spider
46.9%
Train
46.8%
1600
45.7%
Two
45.6%
Paths
45.6%
Aweigh
45.2%
Treasure
45.1%
China
44.1%
Honor
43.3%
Steps
42.6%
Brazil
42.4%
Caine
42.2%
Double
41.8%
Strain
41.3%
Din
40.4%
Seven
39.4%
Close
39.3%
Johnny
39.2%
Denver
38.4%
Shout
38.3%
Money
38.1%
Madness
37.4%
Valley
35.4%
Five
35.1%
Six
34.7%
Jungle
34.5%
Parade
33.5%
Tender
33.4%
Panama
33.2%
Eight
32.4%
3000
32.2%
Kiss
31.8%
Battleship
31.8%
2000
31.4%
Emile
30.4%
Deeds
29.9%
Dark
28.7%
Avenger
28.2%
California
25.8%
Buckaroo
25.4%
Wild
25.3%
1138
24.9%
Mississippi
24.1%
Beloved
23%
McCabe
23%
Great
23%
Eating
21.1%
Pussycat
21%
Melvin
20.2%
6
19.1%
Seal
17.3%
5,000
15.2%
Tube
13.2%

You're not logged in!

Compare scores with friends on all Sporcle quizzes.
Sign Up with Email
OR
Log In

You Might Also Like...

Show Comments

Extras

Top Quizzes Today


Score Distribution

Your Account Isn't Verified!

In order to create a playlist on Sporcle, you need to verify the email address you used during registration. Go to your Sporcle Settings to finish the process.